1561 1662 1788 1371 1408 1769 1865 1049 1861 1499 1146 1618 1227 1760 1365 1822 1775 1932 1092 1954 1835 1063 1349 1432 1144 1851 1215 1581 1645 1458 1365 1937 1764 1702 1170 1355 1377 1705 1531 1935 1068 1966 1254 1727 1887 1910 1465 1391 1714 1083 1748 1890 1858 1851 1731 1063 1571 1083 1576 1724 1995 1715 1480 1688 1198 1078 1211 1071 1562 1457 1708 1091 1551 1103 1985 1590 1461 1439 1411 1135 1899 1556 1182 1177 1550 1036 1156 1537 1303 1834 1467 1267 1730 1870 1833 1751 1219 1841 1935 BCNSPRNW ULIB Ver.6.0+V

เปลี่ยนเป็นภาษาไทย

Change to English
 แสดงรายละเอียดบรรณานุกรม
  กลับหน้าหลัก

Brief Record : Get Marc (ISO 2709) : E-mail record : QR code < ปิดหน้าต่าง
LEADER : 00000nas 2200000uu 4500
001    13399113690
003     ULIB
008    020711s|||| th a 000 0 tha d
022    ^a08596808
110    ^aวารสารวิทยาลัยพยาบาลบรมราชชนนี อุตรดิตถ์
245    ^aวารสารวิทยาลัยพยาบาลบรมราชชนนี อุตรดิตถ์
260    ^aอุตรดิตถ์ :^bวารสารวิทยาลัยพยาบาลบรมราชชนนี อุตรดิตถ์,^cม.ป.ป.
310    ^aราย 6 เดือน
850 ^a ULIB^bปีที่ 2 ฉบับที่ 3 ;ปีที่ 1 ฉบับที่ 4 ;ปีที่ 2 ฉบับที่ 4 ;ปีที่ 1 ฉบับที่ 5 ;ปีที่ 1 ฉบับที่ 7 ฉ.1 ;ปีที่ 2 ฉบับที่ 7 ฉ.1 ;ปีที่ 1 ฉบับที่ 8 ฉ.1 ;ปีที่ 2 ฉบับที่ 8 ฉ.1 ;ปีที่ 9 ฉบับที่ 2 ฉ.1
945    ^p0^l0^i900008
945    ^p0^l0^i900527
945    ^p0^l0^i900972
945    ^p0^l0^i901366
945    ^p0^l0^i903269
945    ^p0^l0^i903735
945    ^p0^l0^i903959
945    ^p0^l0^i904299
945    ^p0^l0^i904857
999    ^aวรรณษา ชูชัยมงคล
รายการนี้ยังไม่มีแท็ก
คุณยังไม่ได้ล็อกอิน คุณสามารถมีกิจกรรมร่วมกับเว็บไซต์ได้ แต่ต้องล็อกอินก่อน ::
  ล็อกอิน

รายการสื่อสารสนเทศ (วารสาร)

ดูแบบ: กล่อง รายการ
ARRIVED
ปีที่ 2 ฉบับที่ 3
สถานที่: ห้องสมุดวิทยาเขตสวรรค์ประชารักษ์ >หนังสือทั่วไป
ARRIVED
ปีที่ 1 ฉบับที่ 4
สถานที่: ห้องสมุดวิทยาเขตสวรรค์ประชารักษ์ >วารสาร
ARRIVED
ปีที่ 2 ฉบับที่ 4
สถานที่: ห้องสมุดวิทยาเขตสวรรค์ประชารักษ์ >วารสาร
ARRIVED
ปีที่ 1 ฉบับที่ 5
สถานที่: ห้องสมุดวิทยาเขตสวรรค์ประชารักษ์ >วารสาร
ARRIVED
ปีที่ 1 ฉบับที่ 7 ฉ.1
สถานที่: ห้องสมุดวิทยาเขตสวรรค์ประชารักษ์ >หนังสือพิมพ์
ARRIVED
ปีที่ 2 ฉบับที่ 7 ฉ.1
สถานที่: ห้องสมุดวิทยาเขตสวรรค์ประชารักษ์ >หนังสือพิมพ์
ARRIVED
ปีที่ 1 ฉบับที่ 8 ฉ.1
สถานที่: ห้องสมุดวิทยาเขตสวรรค์ประชารักษ์ >หนังสือพิมพ์
ARRIVED
ปีที่ 2 ฉบับที่ 8 ฉ.1
สถานที่: ห้องสมุดวิทยาเขตสวรรค์ประชารักษ์ >หนังสือพิมพ์
ARRIVED
ปีที่ 9 ฉบับที่ 2 ฉ.1
สถานที่: ห้องสมุดวิทยาเขตสวรรค์ประชารักษ์ >วารสาร
รายการใกล้เคียง
    ผู้แต่ง []

BibComment


ยังไม่เคยถูกคอมเมนท์

คอมเมนท์ทรัพยากรรายการนี้
  คอมเมนท์: วารสารวิทยาลัยพย..


 Copyright 2026. Bcnsprnw @Library